| 000 | 01195nam a2200253Ia 4500 | ||
|---|---|---|---|
| 999 |
_c56192 _d56192 |
||
| 001 | 23293 | ||
| 003 | GE_BSU | ||
| 005 | 20220610122239.0 | ||
| 008 | 181216s2017||||ge |||||||||||||| ||geo|| | ||
| 040 | _cGE_BSU | ||
| 041 | _ageo | ||
| 080 | _a51(076.1)+512 ნ-21 | ||
| 100 |
_aნაკაშიძე, გურამ _91514 |
||
| 245 |
_aტესტების კრებული უმაღლეს მათემატიკასა და ალგებრაში / _cგურამ ნაკაშიზე, იბრაიმ დიდმანიძე ; რედაქტორი თემურ ჩოხარიძე. |
||
| 264 |
_aბათუმი _b(შპს "თეგის" სტამბა), _c2017. |
||
| 300 |
_a440 გვ. ; _b21 სმ. |
||
| 504 | _aბიბლიოგრ.: გვ. 440. | ||
| 541 | _h14 | ||
| 653 | _aმათემატიკა -- ტესტები. | ||
| 653 | _aალგებრა -- ტესტები. | ||
| 700 |
_aდიდმანიძე, იბრაიმ _eავტორი _91168 |
||
| 700 |
_aჩოხარიძე, თემურ _eრედაქტორი _914040 |
||
| 942 |
_cBK _2udc |
||